Predicting Fiscal Crises : A Machine Learning Approach /

In this paper I assess the ability of econometric and machine learning techniques to predict fiscal crises out of sample. I show that the econometric approaches used in many policy applications cannot outperform a simple heuristic rule of thumb. Machine learning techniques (elastic net, random fores...

Descripción completa

Detalles Bibliográficos
Autor principal: Hellwig, Klaus-Peter
Formato: Revista
Lenguaje:English
Publicado: Washington, D.C. : International Monetary Fund, 2021.
Colección:IMF Working Papers; Working Paper ; No. 2021/150
Materias:
Acceso en línea:Full text available on IMF
LEADER 02245cas a2200277 a 4500
001 AALejournalIMF021644
008 230101c9999 xx r poo 0 0eng d
020 |c 18.00 USD 
020 |z 9781513573588 
022 |a 1018-5941 
040 |a BD-DhAAL  |c BD-DhAAL 
100 1 |a Hellwig, Klaus-Peter. 
245 1 0 |a Predicting Fiscal Crises :   |b A Machine Learning Approach /  |c Klaus-Peter Hellwig. 
264 1 |a Washington, D.C. :  |b International Monetary Fund,  |c 2021. 
300 |a 1 online resource (66 pages) 
490 1 |a IMF Working Papers 
500 |a <strong>Off-Campus Access:</strong> No User ID or Password Required 
500 |a <strong>On-Campus Access:</strong> No User ID or Password Required 
506 |a Electronic access restricted to authorized BRAC University faculty, staff and students 
520 3 |a In this paper I assess the ability of econometric and machine learning techniques to predict fiscal crises out of sample. I show that the econometric approaches used in many policy applications cannot outperform a simple heuristic rule of thumb. Machine learning techniques (elastic net, random forest, gradient boosted trees) deliver significant improvements in accuracy. Performance of machine learning techniques improves further, particularly for developing countries, when I expand the set of potential predictors and make use of algorithmic selection techniques instead of relying on a small set of variables deemed important by the literature. There is considerable agreement across learning algorithms in the set of selected predictors: Results confirm the importance of external sector stock and flow variables found in the literature but also point to demographics and the quality of governance as important predictors of fiscal crises. Fiscal variables appear to have less predictive value, and public debt matters only to the extent that it is owed to external creditors. 
538 |a Mode of access: Internet 
650 7 |a Foreign Exchange  |2 imf 
650 7 |a Informal Economy  |2 imf 
650 7 |a Underground Econom  |2 imf 
830 0 |a IMF Working Papers; Working Paper ;  |v No. 2021/150 
856 4 0 |z Full text available on IMF  |u http://elibrary.imf.org/view/journals/001/2021/150/001.2021.issue-150-en.xml  |z IMF e-Library